States by Abbreviation - Statistics

General Stats
  • This quiz has been taken 25 times
  • The average score is 45 of 50
Answer Stats
Abbreviation State % Correct
CO Colorado
100%
FL Florida
100%
IL Illinois
100%
KS Kansas
100%
NJ New Jersey
100%
NM New Mexico
100%
OH Ohio
100%
UT Utah
100%
WI Wisconsin
100%
WY Wyoming
100%
AZ Arizona
95%
CA California
95%
HI Hawaii
95%
IN Indiana
95%
IA Iowa
95%
MA Massachusetts
95%
MN Minnesota
95%
MT Montana
95%
NH New Hampshire
95%
NC North Carolina
95%
OK Oklahoma
95%
OR Oregon
95%
SC South Carolina
95%
VT Vermont
95%
WV West Virginia
95%
AL Alabama
90%
AK Alaska
90%
CT Connecticut
90%
LA Louisiana
90%
ND North Dakota
90%
TN Tennessee
90%
DE Delaware
86%
KY Kentucky
86%
ME Maine
86%
MS Mississippi
86%
MO Missouri
86%
PA Pennsylvania
86%
GA Georgia
81%
ID Idaho
81%
MD Maryland
81%
NE Nebraska
81%
SD South Dakota
81%
AR Arkansas
76%
MI Michigan
76%
RI Rhode Island
76%
NY New York
71%
TX Texas
71%
VA Virginia
71%
WA Washington
71%
NV Nevada
67%
No matching quizzes found
Score Distribution
Percent of People with Each Score
Percentile by Number Answered
Your Score History
You have not taken this quiz